000 00362nam a2200157Ia 4500
005 20250423100318.0
008 250422s9999 xx 000 0 und d
020 _a0-582-523362
100 _aL.G. Alexander
245 0 _aNew Concept English: Deveploping Skills
260 _bLongman
260 _c1971
300 _a72 p
650 _aEnglish
942 _cBK
999 _c32919
_d32919